Aplicación del método PERT al control de programación, costes y beneficios / (Record no. 104497)

MARC details
000 -LEADER
campo de control de longitud fija 00634nam a2200169 i 4500
001 - NÚMERO DE CONTROL
campo de control 104497
003 - IDENTIFICADOR DE NÚMERO DE CONTROL
campo de control ES-MaACL
007 - CAMPO FIJO DE DESCRIPCIÓN FÍSICA--INFORMACIÓN GENERAL
campo de control de longitud fija t|
008 - DATOS DE LONGITUD FIJA--INFORMACIÓN GENERAL
campo de control de longitud fija 051130s1967 sp ||||1| spa d
100 1# - ENTRADA PRINCIPAL--NOMBRE DE PERSONA
Nombre de persona Miller, Robert W.
9 (RLIN) 81230
245 10 - MENCIÓN DEL TÍTULO
Título Aplicación del método PERT al control de programación, costes y beneficios /
Mención de responsabilidad, etc. Robert W. Miller...; traducción y adaptación, Leonardo Larios Aracama... Guillermo Comba Morayta...
260 ## - PUBLICACIÓN, DISTRIBUCIÓN, ETC.
Lugar de publicación, distribución, etc. Madrid :
Nombre del editor, distribuidor, etc. Castillo,
Fecha de publicación, distribución, etc. 1967.
300 ## - DESCRIPCIÓN FÍSICA
Extensión 272 p. :
Otras características físicas il. ;
Dimensiones 22 cm.
700 1# - ENTRADA AGREGADA--NOMBRE PERSONAL
Nombre de persona Larios Aracama, Leonardo.
9 (RLIN) 70262
700 1# - ENTRADA AGREGADA--NOMBRE PERSONAL
Nombre de persona Comba Morayta, Guillermo.
9 (RLIN) 39957
852 ## - LOCALIZACIÓN
Ubicación ES-MaACL
Número de control de estantería C-5817
Sublocalización o colección R.62495
Holdings
Estatus retirado Estado de pérdida Estado de daño No para préstamo Biblioteca de origen Biblioteca actual Ubicación en estantería Fecha de adquisición Fuente de adquisición Total de préstamos Signatura topográfica completa Código de barras Visto por última vez Precio de reemplazo Tipo de ítem Koha
        Biblioteca del Ateneo de Madrid Biblioteca del Ateneo de Madrid Sala Palomar 17/01/2008     C-5817 1109102 23/02/2023 23/02/2023 Libro impreso